[Event "Tampere We TaSK op"]
[Site "Tampere"]
[Date "1998.??.??"]
[Round "3"]
[White "Haapasalo, Jukka Pekka"]
[Black "Lehtinen, Antti"]
[Result "1/2-1/2"]
[WhiteElo "2185"]
[BlackElo "2160"]
[PlyCount "49"]
[EventDate "1998.??.??"]
[EventType "swiss"]
[EventRounds "5"]
[EventCountry "FIN"]
[SourceTitle "EXT 2001"]
[Source "ChessBase"]
[SourceDate "2000.11.22"]
[SourceVersion "1"]
[SourceVersionDate "2000.11.22"]
[SourceQuality "1"]

1. c4 d6 2. Nc3 g6 3. g3 Bg7 4. Bg2 e5 5. e4 Nc6 6. Nge2 Bg4 7. f3 Be6 8. d3 f5 9. 0-0 Nf6 10. Nd5 Qd7 11. Bg5 0-0 12. Qd2 Ne7 13. d4 fxe4 14. Nxf6+ Bxf6 15. d5 Bh3 16. Bxh3 Qxh3 17. fxe4 Bxg5 18. Qxg5 Qh5 19. Qxh5 gxh5 20. Kg2 Kg7 21. Rac1 b6 22. Rxf8 Kxf8 23. Ng1 Ng8 24. Nf3 Nf6 25. Nd2 1/2-1/2

[Event "Tampere Elo Taraus op"]
[Site "Tampere"]
[Date "1998.??.??"]
[Round "6"]
[White "Kiltti, Jyrki"]
[Black "Lehtinen, Antti"]
[Result "1-0"]
[WhiteElo "2190"]
[BlackElo "2160"]
[PlyCount "57"]
[EventDate "1998.??.??"]
[EventType "swiss"]
[EventRounds "9"]
[EventCountry "FIN"]
[SourceTitle "EXT 1999"]
[Source "ChessBase"]
[SourceDate "1998.11.16"]
[SourceVersion "1"]
[SourceVersionDate "1998.11.16"]
[SourceQuality "1"]

1. d4 d5 2. c4 e6 3. cxd5 exd5 4. Nc3 c6 5. Nf3 Bd6 6. Bg5 Ne7 7. e3 Bf5 8. Bd3 Qd7 9. Bxe7 Kxe7 10. Bxf5 Qxf5 11. Qb3 b6 12. 0-0 Re8 13. e4 dxe4 14. Nxe4 Qd5 15. Qd3 Bc7 16. Neg5 h6 17. Rfe1+ Kd8 18. Rxe8+ Kxe8 19. Re1+ Kd8 20. Qh7 Kc8 21. Qg8+ Kb7 22. Nxf7 g5 23. Nxh6 Qxg8 24. Nxg8 Na6 25. Nf6 Nb4 26. Nxg5 Nxa2 27. Re7 Nb4 28. Ne6 Rc8 29. h4 1-0